Statistics for Top 12 New Orleans Pelicans of All-Time

Click here to take the quiz!

General Stats

  • This quiz has been taken 141 times
    (13 since last reset)
  • The average score is 6 of 12

Answer Stats

#PlayerWin Shares% Correct
2Anthony Davis72.0
100%
1Chris Paul76.4
100%
8Zion Williamson16.6
92%
7Brandon Ingram19.6
85%
5Jrue Holiday28.5
62%
9Jonas Valančiūnas16.4
46%
3David West47.0
38%
11Peja Stojakovic15.8
38%
4P.J. Brown29.6
23%
6Tyson Chandler21.3
23%
12Emeka Okafor14.7
15%
10Ryan Anderson16.2
15%

Score Distribution

Percentile by Number Answered

Percent of People with Each Score

Your Score History

You have not taken this quiz since the last reset